Groupes de musique britanniques - de A à Z - Statistiques

Statistiques générales
  • Ce quiz a été pris 222 fois
  • Le résultat moyen est 14 sur 26
Statistiques - réponses
Chansons Groupe % Correct
B Here Comes The Sun, Yesterday, Let It Be The Beatles
97%
C Viva La Vida, Yellow, A Sky Full of Stars Coldplay
96%
Q Bohemian Rhapsody, Don't Stop Me Now, Another One Bites The Dust Queen
95%
O Wonderwall, Don't Look Back In Anger, Stop Crying Your Heart Oasis
91%
P Every Breathe You Take, Roxane, Message In A Bottle The Police
87%
Z Stairway to Heaven, Immigrant Song, Whole Lotta Love Zeppelin
86%
U With Or Without You, I Still Haven’t Found What I’m Looking For, One U2
84%
R Creep, No Surprises, Karma Police Radiohead
82%
W Wake Me Up Before You Go-Go, Last Christmas, Everything She Wants Wham!
80%
A Do I Wanna Know?, I Wanna Be Yours, 505 Arctic Monkeys
73%
G Feel Good Inc., Clint Eastwood, On Melancholy Hill Gorillaz
69%
D Sultans Of Swing, Walk Of Life, Money For Nothing Dire Straits
68%
M Uprising, Supermassive Black Hole, Starlight Muse
64%
K Somewhere Only We Know, Everybody's Changing, This Is The Last Time Keane
61%
S Give A Little Bit, The Logical Song, Breakfast In America Supertramp
55%
V Bitter Sweet Symphony, Lucky Man, The Drugs Don't Work The Verve
54%
Y Owner of a Lonely Heart, Roundabout, I’ve Seen All Good People Yes
30%
I The Trooper, Run to the Hills, Fear of the Dark Iron Maiden
28%
E Mr. Blue Sky, Don't Bring Me Down, Livin'Thing Electric Light Orchestra
23%
L Strong, Wasting My Young Years, Hey Now London Grammar
21%
J Back on 74, Busy Earnin', Casio Jungle
13%
F Starbuster, Jackie Down The Line, I Love You Fontaines D.C.
10%
H Step On, Kinky Afro, Loose Fit Happy Mondays
5%
N Amsterdam, Sorry, Overcome Nothing But Thieves
5%
T Sink, Why Does It Always Rain On Me?, Side Travis
5%
X I Am a Poseur, Germfree Adolescence, Identify X-Ray Spex
4%
Aucun quiz correspondant
Distribution des résultats
% des personnes avec chaque résultat
Percentile par nombre de réponses
Votre historique - résultats
Vous n’avez pas pris ce quiz